Agronomía colombiana / (Registro nro. 17409)

Detalles MARC
000 -CABECERA
Campo de control 00842cas a2200229 a 4500
005 - FECHA Y HORA DE LA ULTIMA TRANSACCION
Campo de control 20170202140912.0
008 - ELEMENTOS DE LONGITUD FIJA—INFORMACION GENERAL
Campo de control 890818u1984 ck fn p r 0 b0spa d
022 ## - ISSN
ISSN 0120-9965
040 ## - FUENTE DE CATALOGACIÓN
Agencia catalogadora original CO-BoBLA
Agencia transcriptora CO-BoBLA
Agencia Modificadora CO-BoIAVH
041 0# - IDIOMA
Código de idioma para texto/pista de sonido o título separado Español
044 ## - PAÍS DE PUBLICACIÓN
País de publicación Colombia
090 ## - CLASIFICACIÓN LOCAL
Colección SE
245 00 - MENCION DE TITULO
Título Agronomía colombiana /
Mención de responsabilidad Universidad Nacional de Colombia. Facultad de agronomía
260 ## - PUBLICACION, DISTRIBUCION, ETC. (PIE DE IMPRENTA)
Lugar de publicación, distribución, etc. Bogotá :
Nombre del editor, distribuidor, etc. Universidad Nacional de Colombia (Sede Bogotá), Facultad de Agronomía,
Fecha de publicación, distribución, etc. 1984-.
300 ## - DESCRIPCION FISICA
Otros detalles físicos ilustraciones ;
Dimensiones 28 x 22 cm.
310 ## - FRECUENCIA ACTUAL DE LA PUBLICACIÓN
Frecuencia actual de la publicación Semestral
650 26 - ASIENTO SECUNDARIO DE MATERIA - TERMINO TEMATICO
Término temático o nombre geográfico como elemento de entrada Agronomía
Subdivisión geográfica Colombia
Subdivisión de forma Publicaciones seriadas.
9 (RLIN) 78634
651 #6 - ASIENTO SECUNDARIO DE MATERIA - NOMBRE GEOGRAFICO
Nombre geográfico Colombia
Subdivisión de forma Publicaciones seriadas
9 (RLIN) 78635
651 #6 - ASIENTO SECUNDARIO DE MATERIA - NOMBRE GEOGRAFICO
Nombre geográfico Bogotá (Colombia)
Subdivisión de forma Publicaciones seriadas
9 (RLIN) 78636
710 2# - ASIENTO SECUNDARIO - NOMBRE CORPORATIVO
Nombre corporativo o de jurisdicción como elemento de entrada Universidad Nacional de Colombia
Unidad subordinada Facultad de Agronomía
9 (RLIN) 78637
942 ## - ELEMENTOS ADICIONALES (KOHA)
Sistema de clasificación Local
Tipo de ítem Periodica o revista
Serial record 1
Existencias
Withdrawn status Lost status Sistema de Clasificación Damaged status No para préstamo Colección Fecha publicación (Año) Volumen revista Número revista Inventariado Ubicación Permanente Ubicación actual Fecha de adquisición Datos de publicación Seriada Total Checkouts Número topográfico Inventario / Código de Barras Date last seen Ejemplar Price effective from Forma de adquisición Tipo de material
    Local     Hemeroteca 2006 24 1 Inventariado 2017 Bogotá Bogotá 02/02/2017 Vol 24, No 1   SE 025601 02/02/2017 Ej. 1 02/02/2017 Donación Periodica o revista
    Local     Hemeroteca 2006 24 2 Inventariado 2017 Bogotá Bogotá 02/02/2017 Vol 24, No 2   SE 025602 02/02/2017 Ej. 1 02/02/2017 Donación Periodica o revista